=LDR 00000nam 2200000 4500 =001 INLIS000000000033709 =005 20130612135640 =008 ***********************************ind** =035 ##$$0010-061300000033709 =041 ##$$a ind =082 ##$$a 813 =090 ##$$a 813; Sad,m =100 ##$$a Sadiida,Qaulan =245 ##$$a Mencari Gadis Surga, Qaulan Sadiida ; Editor,S. Hadi =260 ##$$a 2006 $b Yogyakarta =300 ##$$a 194 hlm., 18 cm =650 ##$$a Fiksi Indonesia =850 ##$$a NBPNMAT